Outside - Calvin Harris Feat. Ellie Goulding - All Lyrics - Statistics

General Stats
  • This quiz has been taken 94 times
  • The average score is 222 of 261
Answer Stats
Answer % Correct
ah
100%
(Ah,
100%
ah)
100%
Oh-ah,
100%
oh-ah
100%
the
100%
what
100%
you
100%
I
98%
out,
98%
a
96%
no
96%
outside,
96%
outside
96%
I'm
95%
like
93%
like,
93%
Now
93%
(Now
93%
on
93%
on)
93%
feels
91%
it
91%
me
91%
I'll
89%
show
89%
do
88%
be?
86%
be
86%
every
86%
for
81%
For
81%
to
81%
We
81%
we
81%
so
77%
So
77%
in
75%
other
74%
day,
72%
watching
72%
at
70%
done
70%
holdin'
70%
There's
70%
everything
68%
Look
68%
power
68%
right
68%
Tell
68%
When
68%
you've
68%
did
67%
from
67%
never
67%
are
65%
still,
65%
still
65%
want
65%
close
63%
How
63%
reason
63%
give
61%
stay
61%
strong
61%
enough
58%
was
58%
away
56%
breathing?
56%
Gotta
56%
It's
56%
lovers
56%
long
54%
us
54%
choose
49%
Stand
49%
takes
49%
fallin'
44%
Myself
44%
strength
39%
Fire's
33%
No matching quizzes found
Score Distribution
Percent of People with Each Score
Percentile by Number Answered
Your Score History
You have not taken this quiz